000 00499nam a2200169Ia 4500
001 15836
003 IN-NITTTR
005 20251114233149.0
008 251113s9999||||xx |||||||||||||| ||eng||
040 _beng
040 _cIN-NITTTR
041 _aeng
082 _a506.54 I2R
100 _aIndia. Planning Commission,
245 0 _aReport of the steering group on science and technology and environment for the seventh five year plan ( 1985-90). /
_cIndia. Planning Commission
942 _2ddc
_cBK
999 _c18470
_d18470